Differential equations with applications and historical notes (Record no. 7577)
[ view plain ]
| 000 -LEADER | |
|---|---|
| fixed length control field | 00571 a2200169 4500 |
| 020 ## - INTERNATIONAL STANDARD BOOK NUMBER | |
| International Standard Book Number | 0070575401 |
| 040 ## - CATALOGING SOURCE | |
| Original cataloging agency | DLC |
| Language of cataloging | DLC |
| 082 ## - DEWEY DECIMAL CLASSIFICATION NUMBER | |
| Classification number | 515.35 |
| 100 ## - MAIN ENTRY--PERSONAL NAME | |
| Personal name | Simmons, George Finlay |
| 245 ## - TITLE STATEMENT | |
| Title | Differential equations with applications and historical notes |
| Statement of responsibility, etc. | George Finlay Simmons |
| 260 ## - PUBLICATION, DISTRIBUTION, ETC. | |
| Place of publication, distribution, etc. | New Delhi : |
| Name of publisher, distributor, etc. | McGraw-Hill, |
| Date of publication, distribution, etc. | c1991. |
| 300 ## - PHYSICAL DESCRIPTION | |
| Extent | xxi, 629 p. . |
| Other physical details | : ill. |
| Dimensions | ; 24 cm |
| 440 ## - SERIES STATEMENT/ADDED ENTRY--TITLE | |
| Title | International series in pure and applied mathematics |
| 500 ## - GENERAL NOTE | |
| General note | Includes bibliographical references and index |
| 650 ## - SUBJECT ADDED ENTRY--TOPICAL TERM | |
| Topical term or geographic name entry element | Differential equations |
| 942 ## - ADDED ENTRY ELEMENTS (KOHA) | |
| Koha item type | Book |
| Call number prefix | 515.35 SIM |
| Source of classification or shelving scheme | |
| Withdrawn status | Lost status | Damaged status | Not for loan | Collection code | Permanent Location | Current Location | Shelving location | Date acquired | Source of acquisition | Cost, normal purchase price | Total Checkouts | Total Renewals | Full call number | Barcode | Date last seen | Date last checked out | Price effective from | Koha item type |
|---|---|---|---|---|---|---|---|---|---|---|---|---|---|---|---|---|---|---|
| Central Library (CL) | Central Library (CL) | General Stacks | 09/10/2005 | Saeed Book Bank | 340.20 | 2 | 2 | 515.35 SIM | SEECS006412 | 09/19/2024 | 06/25/2019 | 01/05/2017 | Book |
